000 00262nmm a2200097Ia 4500
008 220120s9999||||xx |||||||||||||||||und||
020 _a0-07-058300-5
100 _aPCQ
245 0 _aJuly 2011: The pcquest virtual store 5 full free games, hig
260 _bNew Delhi
999 _c139691
_d139691